{"text_format":"3","workbook":"xlsx","n_sheets":2,"sheets":["医疗物资","慰问品"],"not_rendered":{"defined_names":1},"read":"whole","date_system":"1900"}

{"sheet":"医疗物资","index":0,"n_rows":42,"n_cols":9,"rows_kept":42,"merged":[[40,0,40,7],[41,0,41,8]]}
["序号","捐赠单位/个人","物品编码","物品名称","型号","单位","数量","单价","金额"]
[1,"华师附中校友会","I000011635","一次性医疗隔离服","kmoller","件",8000,15,{"$f":"G2*H2","v":120000}]
[null,"华师附中校友会","I000011636","knollerr护目镜",4001384,"副",32,35,1120]
[null,"华师附中校友会","I000011637","knollerr护目镜",4001319,"副",44,35,1540]
[null,"华师附中校友会","I000011638","knollerr护目镜",4001516,"副",44,35,1540]
[null,"华师附中校友会","I000011647","防护服",null,"件",50,230,11500]
[2,"莫桑比克新垦国际物流有限公司SAMCO、广东省职业病防治院团员青年战疫突击队","I000011644","UEEX防护服",null,"件",819,230,188370]
[null,"莫桑比克新垦国际物流有限公司SAMCO、广东省职业病防治院团员青年战疫突击队","I000011645","N95口罩",6150,"个",1500,28.23,42345]
[3,"广东中科天元新能源科技有限公司","0205-01","75%药用乙醇","15kg","桶",20,295.8,5916]
[4,"阿联酋广东商会","I000011646","N95口罩",1730,"个",6720,9.5,63840]
[5,"个人（李卫红女士）","I000011650","KN95口罩",null,"个",300,28.23,8469]
[6,"诺康得医疗科技（深圳）有限公司","I000011651","防护服envirochem",null,"件",100,230,23000]
[7,"广州艾维迪生物技术有限公司","I000011655","Clean Star 防护服","DR-2600J","件",90,238,21420]
[null,"广州艾维迪生物技术有限公司","I000011656","3M N95口罩",null,"个",160,40,6400]
[8,"广东省潮人海外联谊会、广东潮博智库","I000011700","3M N95口罩","1860S","个",1000,28.23,28230]
[9,"个人（小七，微信名）","I000011710","3M 口罩",8810,"个",80,28.23,2258.4]
[null,"个人（小七，微信名）","I000011711","3M 口罩","C111","个",10,28.23,282.3]
[10,"广州市声望健康信息咨询有限公司","I000011666","一次性医用外口罩",null,"个",5000,0.9,4500]
[11,"个人（沈斐、仲黎明）","I000011666","医用外科口罩",null,"个",1000,0.9,900]
[12,"个人（蔡美昌）","I000011683","金佰利防护服",null,"件",41,230,9430]
[13,"个人（胡玲任）","I000011682","隔离衣",null,"件",100,100,10000]
[14,"农行广州华南支行","I000011666","普通医用口罩",null,"个",1600,0.9,1440]
[15,"澳大利亚中国友好协会北澳分会","I000011709","KF94儿童口罩",null,"个",625,2.5,1562.5]
[16,"河南强森商贸有限公司","I000011713","普通医用口罩",null,"个",400,0.9,360]
[17,"南昌报春医疗器械有限公司","I000011666","普通医用口罩",null,"个",1080,0.9,972]
[18,"杭州朗索医用消毒剂有限公司","0226-01","速干手消毒凝胶","500ml","瓶",480,22,10560]
[null,"杭州朗索医用消毒剂有限公司","0226-02","表面消毒巾","50抽","包",400,22,8800]
[19,"广州医药有限公司","0226-03","二氧化氯消毒片","10kg","桶",1,800,800]
[20,"广东省工程技术研究所","0227-01","健益牌75%酒精消毒液","500ml","瓶",480,8.7,4176]
[21,"个人（不留名）","I000011713","普通医用口罩",null,"个",200,0.9,180]
[22,"中行广东省分行广州番禺支行","I000011738","Wellday隔离衣",null,"件",500,15,7500]
[23,"个人（贺玉红）","I000011773","防护面屏（手工）",null,"个",112,12,1344]
[24,"广州市执信中学99届校友、广州爱心妈妈","I000011772","Rientech医用隔离面罩",null,"个",400,30,12000]
[25,"广东狮子会、广东冠粤路桥有限公司养护分公司、蛙来哒（广东）咨询管理有限公司","I000011779","上海大胜N95医用口罩",null,"个",3200,19,60800]
[26,"诺康得医疗科技（深圳）有限公司","I000011777","TYVEK防护服",null,"件",101,230,23230]
[null,"诺康得医疗科技（深圳）有限公司","I000011778","SMS COVERALL防护服",null,"件",150,230,34500]
[27,"中国农业银行广州华南支行","I000011713","普通医用口罩",null,"个",2000,0.9,1800]
[28,"视联动力信息技术股份有限公司","I000011814","紫外线消毒灯",null,"台",2,1200,2400]
[29,"台达电子（东莞）有限公司","I000011797","壁挂式新风机",null,"台",6,4000,24000]
[null,"台达电子（东莞）有限公司","I000011798","柜式新风机",null,"台",3,6000,18000]
["合计",{"$nulls":7},{"$f":"SUM(I2:I40)","v":765485.2000000001}]
["说明：1、在捐赠文件中注明单价的，按该单价标记。2、在捐赠文件中未注明单价的，按仓库的最近采购价标记。"]

{"sheet":"慰问品","index":1,"n_rows":11,"n_cols":12,"rows_kept":11}
["序号","日期","捐赠单位","物品编码","物品名称","规格型号","单位","数量","单价","金额","入库单号","备注"]
[1,"2020-02-02","广州泰戈商贸有限公司",null,"华农学士酸奶","236g*40盒","箱",140,null,null,"0018970"]
[2,"2020-02-07","杭州味全食品有限公司",null,"味全每日葡萄汁","300g*36瓶","箱",320,null,null,"0018967"]
[3,"2020-02-08","广州市朴诚乳业有限公司",null,"简爱乳酸菌","135g*24杯","箱",100,null,null,"0018969"]
[4,"2020-02-10","广州恒岳贸易有限公司",null,"蒙牛牛奶","200g*24盒（多种规格）","箱",3210,null,null,"0018968"]
[5,"2020-02-25","达能益力贸易（深圳）有限公司",null,"脉动","600ML*15","箱",200]
[6,"2020-02-28","深圳市友咖科技有限公司",null,"友咖牌咖啡机","JL500","台",1,{"$nulls":3},"只提供疫情期间免费使用"]
[7,"2020-02-28","深圳市友咖科技有限公司",null,"友咖牌咖啡机","U1","台",1,{"$nulls":3},"只提供疫情期间免费使用"]
[8,"2020-03-10","惠氏营养品（中国）有限公司",null,"爱儿乐较大婴儿配方奶粉","800克","罐",24]
[9,"2020-03-10","惠氏营养品（中国）有限公司",null,"幼儿乐幼儿配方奶粉","800克","罐",72]
[10,"2020-03-17","华南师大附中教育基金会",null,"冬瓜",null,"吨",3]